| 000 | 00823cam a2200265 i 4500 | ||
|---|---|---|---|
| 001 | 007671688 | ||
| 003 | EG-ScBUE | ||
| 005 | 20240602104425.0 | ||
| 008 | 741222s1964 enk f 000 0 eng d | ||
| 040 |
_aUk _beng _erda _cUk _dEG-ScBUE |
||
| 082 | 0 | 4 |
_a956.45 _222 _bFOL |
| 100 | 1 |
_aFoley, Charles, _eauthor. |
|
| 245 | 1 | 0 |
_aLegacy of strife : _bCyprus from rebellion to civil war / _cCharles Foley. |
| 250 | _aFully revised edition with additional material. | ||
| 264 | 1 |
_aMiddlesex, England : _bPenguin Books, _c1964. |
|
| 300 |
_a187 pages ; _c19 cm. |
||
| 336 |
_2rdacontent _atext _btxt |
||
| 337 |
_aunmediated _2rdamedia _bn |
||
| 338 |
_avolume _bnc _2rdacarrier |
||
| 490 | 0 | _aPenguin specials | |
| 651 | 7 |
_2BUEsh _aCyprus _xHistory. |
|
| 653 |
_bGGEN _cDecember2017 |
||
| 655 | _vReading book | ||
| 942 |
_2ddc _cBB |
||
| 999 |
_c25778 _d25750 |
||